Loading...
Current Events | 5 | 14.00 | 100% | 60% | 0% |
Fine Arts - Classical Music | 8 | 10.00 | 75% | 25% | 13% |
Fine Arts - Other Fine Arts | 6 | 15.00 | 100% | 50% | 0% |
Fine Arts - Painting & Sculpture | 7 | 10.00 | 86% | 14% | 0% |
Geography | 2 | 10.00 | 100% | 0% | 0% |
History - American History | 8 | 18.75 | 100% | 88% | 0% |
History - European History | 6 | 15.00 | 100% | 50% | 0% |
History - Other History | 9 | 14.44 | 89% | 56% | 0% |
History - World History | 6 | 13.33 | 83% | 50% | 0% |
Literature - American Literature | 9 | 12.22 | 100% | 22% | 0% |
Literature - British Literature | 6 | 11.67 | 100% | 17% | 0% |
Literature - European Literature | 9 | 8.89 | 100% | 11% | 0% |
Literature - World Literature | 7 | 10.00 | 71% | 29% | 0% |
Mythology | 6 | 16.67 | 100% | 67% | 0% |
Other Academic | 3 | 20.00 | 100% | 67% | 33% |
Philosophy | 5 | 14.00 | 100% | 40% | 0% |
Religion | 5 | 10.00 | 60% | 20% | 20% |
Science - Biology | 7 | 7.14 | 71% | 0% | 0% |
Science - Chemistry | 9 | 7.78 | 56% | 22% | 0% |
Science - Other Science | 7 | 14.29 | 100% | 43% | 0% |
Science - Physics | 8 | 11.25 | 100% | 13% | 0% |
Social Science | 6 | 13.33 | 83% | 33% | 17% |